000 00755cam a22002773a 4500
001 32654
003 PGUSA
005 20140828083716.0
008 100602s2010||||xxu|||||s|||||000 1 eng d
040 _aPGUSA
_beng
042 _adc
050 4 _aPS
100 1 _aTenn, William,
_d1920-2010
245 1 0 _aProject Hush
_h[electronic resource] /
_cWilliam Tenn
260 _bProject Gutenberg,
_c2010
506 _aPublic domain in the USA.
516 _aElectronic text
653 _aScience fiction
653 _aMoon -- Fiction
653 _aSpace flight to the moon -- Fiction
653 _aShort stories
700 1 _aFrancis, Dick
830 0 _aProject Gutenberg
_v32654
856 4 0 _uhttp://www.gutenberg.org/ebooks/32654
942 _cEB
999 _c261909
_d261909